[Event "Wch U12"]
[Site "Montesilvano"]
[Date "2024.11.20"]
[Round "6"]
[White "Marchand, Calix"]
[Black "Lee, Daniel Joshua"]
[Result "1-0"]
[WhiteElo "2027"]
[BlackElo "1765"]
[PlyCount "67"]
[EventDate "2024.11.15"]
[EventType "swiss"]
[EventRounds "11"]
[EventCountry "ITA"]
[SourceTitle "CB48_2024"]
[SourceDate "2024.11.28"]
[SourceVersion "1"]
[SourceVersionDate "2024.11.28"]
[SourceQuality "1"]

1. a3 e5 2. c4 Nf6 3. Nc3 d5 4. cxd5 Nxd5 5. Nf3 Nc6 6. Qc2 Be6 7. e3 a6 8. b4 Nxc3 9. dxc3 Bd6 10. Bb2 0-0 11. c4 f6 12. Bd3 g6 13. 0-0-0 Qe8 14. h4 Qf7 15. Qc3 Ne7 16. Be2 a5 17. b5 Rac8 18. Nd2 Rfd8 19. Ne4 b6 20. g4 Kg7 21. Rhf1 Ng8 22. f4 exf4 23. exf4 Be7 24. Ng5 Rxd1+ 25. Rxd1 Qe8 26. Nxe6+ Kh8 27. f5 gxf5 28. gxf5 Nh6 29. Qf3 c6 30. bxc6 Qxc6 31. Qf4 Nf7 32. Rg1 Ne5 33. Qxe5 h6 34. Qg3 1-0

[Event "Wch U12"]
[Site "Montesilvano"]
[Date "2024.11.18"]
[Round "4"]
[White "Mamarasulov, Husan"]
[Black "Lee, Daniel Joshua"]
[Result "0-1"]
[WhiteElo "1407"]
[BlackElo "1765"]
[PlyCount "52"]
[EventDate "2024.11.15"]
[EventType "swiss"]
[EventRounds "11"]
[EventCountry "ITA"]
[SourceTitle "CB48_2024"]
[SourceDate "2024.11.28"]
[SourceVersion "1"]
[SourceVersionDate "2024.11.28"]
[SourceQuality "1"]

1. d4 d5 2. c4 e6 3. Nf3 a6 4. Bg5 Nf6 5. e3 Be7 6. Nc3 0-0 7. Bd3 dxc4 8. Bxc4 b5 9. Bd3 Bb7 10. Qc2 h6 11. Bxf6 Bxf6 12. Ne4 Nd7 13. g4 c5 14. Rg1 cxd4 15. Nxf6+ gxf6 16. Nxd4 Rc8 17. Qd2 Ne5 18. f4 Nxd3+ 19. Qxd3 e5 20. fxe5 fxe5 21. g5 exd4 22. gxh6+ Kh8 23. Rg7 Qh4+ 24. Rg3 Rfe8 25. Kf1 dxe3 26. Rg7 Qf2# 0-1

[Event "Wch U12"]
[Site "Montesilvano"]
[Date "2024.11.15"]
[Round "1"]
[White "Lee, Daniel Joshua"]
[Black "Ambartsumian, Tyhran"]
[Result "0-1"]
[WhiteElo "1765"]
[BlackElo "2123"]
[PlyCount "60"]
[EventDate "2024.11.15"]
[EventType "swiss"]
[EventRounds "11"]
[EventCountry "ITA"]
[SourceTitle "CB48_2024"]
[SourceDate "2024.11.28"]
[SourceVersion "1"]
[SourceVersionDate "2024.11.28"]
[SourceQuality "1"]

1. e4 e5 2. Nf3 Nc6 3. Bc4 Bc5 4. c3 Nf6 5. d3 d6 6. 0-0 a5 7. Nbd2 0-0 8. h3 h6 9. Re1 Be6 10. Bb5 Qb8 11. Nf1 Qa7 12. Be3 Bxe3 13. Rxe3 Ne7 14. d4 Ng6 15. Ng3 a4 16. d5 Bc8 17. c4 Nf4 18. Nf5 Ng6 19. Ng3 Qc5 20. Bxa4 Qxc4 21. Bb3 Qb4 22. Rc1 Nd7 23. Rxc7 Nc5 24. Nf5 Qb6 25. Rxc5 Qxc5 26. Rc3 Qb6 27. N3h4 Qd8 28. Qh5 Nf4 29. Qg4 Qg5 30. Qd1 Bxf5 0-1

[Event "GEO World Cup Final U12"]
[Site "Batumi"]
[Date "2024.07.02"]
[Round "2"]
[White "Khubuluri, Zaal"]
[Black "Lee, Daniel Joshua"]
[Result "1-0"]
[WhiteElo "1506"]
[BlackElo "1752"]
[PlyCount "107"]
[EventDate "2024.07.01"]
[EventType "match"]
[EventRounds "7"]
[EventCountry "GEO"]
[SourceTitle "EXT 2025"]
[Source "ChessBase"]
[SourceDate "2024.10.14"]
[SourceVersion "1"]
[SourceVersionDate "2024.10.14"]
[SourceQuality "1"]

1. e4 e5 2. Nf3 Nc6 3. d4 exd4 4. Bc4 Bc5 5. c3 Nf6 6. e5 d5 7. Bb5 Ne4 8. cxd4 Bb4+ 9. Nbd2 0-0 10. 0-0 Bg4 11. Nb3 f6 12. Be2 fxe5 13. Nxe5 Bxe2 14. Qxe2 Nxe5 15. dxe5 Qe7 16. f3 Nc5 17. Nd4 Nd7 18. f4 Bc5 19. Be3 Bxd4 20. Bxd4 c5 21. Bc3 d4 22. Bd2 Nb6 23. f5 Rae8 24. Rae1 Qd7 25. e6 Qd5 26. Qg4 Kh8 27. Bg5 d3 28. f6 gxf6 29. Bxf6+ Rxf6 30. Rxf6 d2 31. Ref1 Qd4+ 32. Qxd4 cxd4 33. Rf8+ Rxf8 34. Rxf8+ Kg7 35. Rf1 Nd5 36. Rd1 Kf6 37. Rxd2 Kxe6 38. Rxd4 Ke5 39. Rh4 Nf6 40. Kf2 h5 41. Kf3 a5 42. b4 axb4 43. Rxb4 Nd5 44. Rxb7 Nc3 45. a3 Kd4 46. a4 Kd5 47. Rb5+ Nxb5 48. axb5 Kc5 49. Kf4 Kxb5 50. Kg5 Kc5 51. Kxh5 Kd5 52. Kg6 Ke6 53. h4 Ke7 54. Kg7 1-0

[Event "GEO World Cup Final U12"]
[Site "Batumi"]
[Date "2024.07.02"]
[Round "4"]
[White "Khubuluri, Zaal"]
[Black "Lee, Daniel Joshua"]
[Result "1/2-1/2"]
[WhiteElo "1506"]
[BlackElo "1752"]
[PlyCount "103"]
[EventDate "2024.07.01"]
[EventType "match"]
[EventRounds "7"]
[EventCountry "GEO"]
[SourceTitle "EXT 2025"]
[Source "ChessBase"]
[SourceDate "2024.10.14"]
[SourceVersion "1"]
[SourceVersionDate "2024.10.14"]
[SourceQuality "1"]

1. e4 e5 2. Nf3 Nc6 3. d4 exd4 4. Bc4 Bc5 5. c3 Nf6 6. e5 d5 7. Bb5 Ne4 8. cxd4 Bb6 9. 0-0 0-0 10. Be3 Bg4 11. Bxc6 bxc6 12. h3 Bh5 13. Nc3 f6 14. g4 Bg6 15. Nh4 fxe5 16. Nxg6 hxg6 17. dxe5 Nxc3 18. bxc3 Bxe3 19. fxe3 Rxf1+ 20. Qxf1 Qe7 21. Qf4 Rf8 22. Qg3 Re8 23. Rb1 Qxe5 24. Qxe5 Rxe5 25. Kf2 Re4 26. Rb7 Ra4 27. Rxc7 Rxa2+ 28. Kf3 a5 29. Rxc6 a4 30. Rc5 a3 31. Rxd5 Ra1 32. Rd2 a2 33. Ke4 Kf7 34. c4 Ke6 35. c5 g5 36. c6 Rc1 37. Rxa2 Rxc6 38. Rd2 Rc5 39. Rd4 g6 40. Ra4 Rc6 41. Ra5 Kf6 42. Rd5 Re6+ 43. Kf3 Ra6 44. Ke4 Ra4+ 45. Kf3 Ra1 46. Rd6+ Kg7 47. Rd5 Kh6 48. e4 Ra3+ 49. Kg2 Ra2+ 50. Kf3 Ra3+ 51. Kg2 Ra2+ 52. Kf3 1/2-1/2

[Event "GEO World Cup Final U12"]
[Site "Batumi"]
[Date "2024.07.01"]
[Round "1"]
[White "Lee, Daniel Joshua"]
[Black "Khubuluri, Zaal"]
[Result "1-0"]
[WhiteElo "1752"]
[BlackElo "1506"]
[PlyCount "63"]
[EventDate "2024.07.01"]
[EventType "match"]
[EventRounds "7"]
[EventCountry "GEO"]
[SourceTitle "EXT 2025"]
[Source "ChessBase"]
[SourceDate "2024.10.14"]
[SourceVersion "1"]
[SourceVersionDate "2024.10.14"]
[SourceQuality "1"]

1. e4 c5 2. Nf3 Nc6 3. d4 cxd4 4. Nxd4 Nf6 5. Nc3 e5 6. Ndb5 d6 7. Nd5 Nxd5 8. exd5 Nb8 9. c4 Be7 10. Bd3 0-0 11. 0-0 f5 12. f4 e4 13. Be2 Nd7 14. Be3 Nb6 15. Kh1 Bf6 16. Rb1 a6 17. Nd4 Bd7 18. b3 Rc8 19. g4 Bxd4 20. Qxd4 Na8 21. Rg1 Qf6 22. g5 Qxd4 23. Bxd4 g6 24. Kg2 Nc7 25. h4 b5 26. Rb2 bxc4 27. bxc4 Rb8 28. Rgb1 Rxb2 29. Rxb2 Na8 30. Rb7 Rd8 31. Bf6 Bc8 32. Rb8 1-0

[Event "GEO World Cup-A U12"]
[Site "Batumi"]
[Date "2024.06.29"]
[Round "7"]
[White "Tavberidze, Alexandre"]
[Black "Lee, Daniel Joshua"]
[Result "1/2-1/2"]
[WhiteElo "1529"]
[BlackElo "1717"]
[PlyCount "130"]
[EventDate "2024.06.23"]
[EventType "swiss"]
[EventRounds "7"]
[EventCountry "GEO"]
[SourceTitle "EXT 2025"]
[Source "ChessBase"]
[SourceDate "2024.10.14"]
[SourceVersion "1"]
[SourceVersionDate "2024.10.14"]
[SourceQuality "1"]

1. e4 e5 2. Nf3 Nc6 3. Bc4 Bc5 4. d3 Nf6 5. 0-0 d6 6. Bg5 h6 7. Bh4 g5 8. Bg3 Bg4 9. Nbd2 Qd7 10. c3 0-0-0 11. b4 Bb6 12. Qb3 Be6 13. Bxe6 fxe6 14. Nc4 h5 15. Nxb6+ axb6 16. h4 g4 17. Ng5 d5 18. a4 Kb8 19. Rfe1 Rhe8 20. Rad1 Nh7 21. Nxh7 Qxh7 22. Qc2 Qg7 23. b5 Na5 24. Rd2 d4 25. c4 Rc8 26. Qb2 Ka7 27. Rc1 Qf6 28. Rdc2 c5 29. bxc6 bxc6 30. c5 Rb8 31. cxb6+ Rxb6 32. Qa3 Qe7 33. Qxe7+ Rxe7 34. Bxe5 Nb3 35. Rb1 c5 36. Rcb2 Reb7 37. Bf6 Ka6 38. f3 gxf3 39. gxf3 Rb4 40. Bg5 Ka5 41. Ra2 Rxa4 42. Bd8+ Kb4 43. Rxa4+ Kxa4 44. Rf1 Kb4 45. f4 Kc3 46. Rf3 Nd2 47. Ba5+ Kc2 48. Bxd2 Kxd2 49. f5 exf5 50. exf5 Rf7 51. Kf2 Rf6 52. Kg3 Ke2 53. Kg2 Ke1 54. Rf2 c4 55. dxc4 d3 56. Kg3 d2 57. Rxd2 Kxd2 58. Kf4 Rc6 59. Kg5 Rxc4 60. Kxh5 Ke3 61. f6 Kf4 62. Kg6 Ke5 63. f7 Rg4+ 64. Kh5 Rf4 65. Kg6 Rg4+ 1/2-1/2

[Event "GEO World Cup-A U12"]
[Site "Batumi"]
[Date "2024.06.23"]
[Round "1"]
[White "Lee, Daniel Joshua"]
[Black "Siddhanth, Poonja"]
[Result "0-1"]
[WhiteElo "1717"]
[BlackElo "1958"]
[PlyCount "74"]
[EventDate "2024.06.23"]
[EventType "swiss"]
[EventRounds "7"]
[EventCountry "GEO"]
[SourceTitle "EXT 2025"]
[Source "ChessBase"]
[SourceDate "2024.10.14"]
[SourceVersion "1"]
[SourceVersionDate "2024.10.14"]
[SourceQuality "1"]

1. e4 c5 2. Nf3 g6 3. c4 Nc6 4. d4 cxd4 5. Nxd4 Nf6 6. Nc3 d6 7. Be2 Nxd4 8. Qxd4 Bg7 9. Be3 0-0 10. Qd2 a5 11. a4 Be6 12. 0-0 Nd7 13. Bd4 Bxd4 14. Qxd4 Nc5 15. Bd1 Qb6 16. Nb5 Bd7 17. b3 Bc6 18. Bc2 Rfc8 19. h4 Bxb5 20. axb5 e5 21. Qe3 Qd8 22. Rfd1 Ne6 23. h5 Nd4 24. Ra2 Qf6 25. Rda1 b6 26. Qd3 Rab8 27. hxg6 hxg6 28. Ra4 Kg7 29. b4 Qh4 30. Bd1 Rh8 31. Qh3 Qxe4 32. Qe3 Qh4 33. Qh3 Qf6 34. Qg3 Rh6 35. bxa5 Rbh8 36. f3 e4 37. f4 Nf5 0-1

[Event "Pan American-ch School U11 12th"]
[Site "Callao"]
[Date "2023.10.19"]
[Round "6"]
[White "Gao, Heye"]
[Black "Lee, Daniel Joshua"]
[Result "0-1"]
[WhiteElo "1508"]
[BlackElo "1276"]
[PlyCount "62"]
[EventDate "2023.10.16"]
[EventType "swiss"]
[EventRounds "9"]
[EventCountry "PER"]
[SourceTitle "CBM 217 Extra"]
[Source "ChessBase"]
[SourceDate "2024.01.31"]
[SourceVersion "1"]
[SourceVersionDate "2024.01.31"]
[SourceQuality "1"]

1. e4 e5 2. Nf3 Nc6 3. Bc4 Bc5 4. d3 a6 5. Nc3 Nf6 6. Bg5 h6 7. Bxf6 Qxf6 8. Nd5 Qd8 9. c3 d6 10. d4 Ba7 11. h3 Na5 12. Be2 c6 13. Ne3 exd4 14. Nxd4 0-0 15. 0-0 b5 16. b4 c5 17. Nxb5 axb5 18. bxa5 Qxa5 19. c4 b4 20. Qxd6 Rd8 21. Qg3 Rd2 22. Bg4 Bb8 23. f4 Bb7 24. Nf5 Bxe4 25. Nxh6+ Kf8 26. Bf5 Rxg2+ 27. Qxg2 Bxg2 28. Kxg2 gxh6 29. Be4 Ra7 30. Kf2 Bd6 31. Rfd1 Ke7 0-1

[Event "Pan American-ch School U11 12th"]
[Site "Callao"]
[Date "2023.10.17"]
[Round "4"]
[White "Ruiz Espinola, Osvaldo German"]
[Black "Lee, Daniel Joshua"]
[Result "0-1"]
[WhiteElo "1128"]
[BlackElo "1276"]
[PlyCount "90"]
[EventDate "2023.10.16"]
[EventType "swiss"]
[EventRounds "9"]
[EventCountry "PER"]
[SourceTitle "CBM 217 Extra"]
[Source "ChessBase"]
[SourceDate "2024.01.31"]
[SourceVersion "1"]
[SourceVersionDate "2024.01.31"]
[SourceQuality "1"]

1. e4 e5 2. Nf3 Nc6 3. d4 exd4 4. Nxd4 Bc5 5. Nb3 Bb6 6. Nc3 Qf6 7. Qf3 Qxf3 8. gxf3 Nge7 9. Bf4 0-0 10. 0-0-0 d6 11. Nd5 Nxd5 12. exd5 Ne5 13. Nd4 Bxd4 14. Rxd4 Nxf3 15. Rd3 Ne5 16. Rg3 Ng6 17. Bd2 Bf5 18. Rhg1 Rfe8 19. Bb5 Re5 20. c4 a6 21. Ba4 b5 22. Bb3 Rae8 23. h4 h5 24. Bd1 bxc4 25. Bxh5 Rxd5 26. Bf3 Be4 27. h5 Bxf3 28. hxg6 Bh5 29. gxf7+ Bxf7 30. Rxg7+ Kf8 31. Bh6 Re6 32. Rg8+ Ke7 33. Bg5+ Kd7 34. Rg7 Rf5 35. Be3 Kc6 36. Kb1 d5 37. b3 cxb3 38. Rc1+ Kb7 39. axb3 Rc6 40. Rd1 Rf3 41. Rd4 Rb6 42. Kb2 Kc8 43. Rh7 c5 44. Ra4 d4 45. Bg5 Rfxb3+ 0-1

[Event "Pan American-ch School U11 12th"]
[Site "Callao"]
[Date "2023.10.16"]
[Round "2"]
[White "Fernandez Ocana, Fernando Thiago"]
[Black "Lee, Daniel Joshua"]
[Result "0-1"]
[WhiteElo "1086"]
[BlackElo "1276"]
[PlyCount "44"]
[EventDate "2023.10.16"]
[EventType "swiss"]
[EventRounds "9"]
[EventCountry "PER"]
[SourceTitle "CBM 217 Extra"]
[Source "ChessBase"]
[SourceDate "2024.01.31"]
[SourceVersion "1"]
[SourceVersionDate "2024.01.31"]
[SourceQuality "1"]

1. Nf3 d5 2. b3 Nf6 3. Bb2 e6 4. e3 Bd6 5. Bb5+ Nbd7 6. 0-0 c6 7. Be2 e5 8. d3 0-0 9. Nbd2 Qc7 10. c4 e4 11. dxe4 dxe4 12. Ng5 Bxh2+ 13. Kh1 Be5 14. Ba3 Rd8 15. Rc1 Nf8 16. Qc2 Qa5 17. Nb1 Bf5 18. b4 Qc7 19. Nd2 Qd6 20. Ndxe4 Nxe4 21. Nxe4 Qh6+ 22. Kg1 Qh2# 0-1